| 000 | 00473cam a22001934a 4500 | ||
|---|---|---|---|
| 005 | 20250605164202.0 | ||
| 008 | 250528s ||||||||||||||||||||||||d | ||
| 035 | _a19765 | ||
| 020 | _a9963759408 | ||
| 040 |
_aGR-AtMCL _bgre _dGR-AtMCL _eAACR2 |
||
| 245 | 1 | _aΓΟΝΕΙΣ ΠΑΙΔΙΑ ΚΑΙ ΘΑΝΑΤΟΣ | |
| 250 | _a1 | ||
| 260 |
_bΤαμασος, _c1973 |
||
| 300 | _a93 | ||
| 700 | 1 |
_aWolf Anna W.M _95961 |
|
| 942 | _cBK | ||
| 999 |
_c5021 _d5021 |
||